| 000 | 00662nam a2200217 a 4500 | ||
|---|---|---|---|
| 001 | 1053 | ||
| 003 | CDMR | ||
| 005 | 20131111180155.0 | ||
| 008 | 130130s2002||||||||||||||||||||||||||||d | ||
| 020 | _a8484601943 | ||
| 040 |
_aCDMR _bcat _cCDMR |
||
| 100 | 1 |
_aSánchez-Vicente, Consuelo _9831 |
|
| 245 | 1 | 3 |
_aEl poder de la prensa _b: Consuelo Sánchez-Vicente entrevista a Pedro J. Ramírez |
| 260 |
_aMadrid _c2002 _bTemas de Hoy |
||
| 300 | _a245 p. | ||
| 600 | 1 |
_92327 _aRamírez, Pedro José |
|
| 650 | 0 | 4 |
_9396 _aMitjans de comunicació de massa _zEspanya |
| 650 | 0 | 4 |
_9311 _aEmpreses periodístiques |
| 700 | 1 |
_92327 _aRamírez, Pedro José |
|
| 942 |
_cMON _2udc |
||
| 999 |
_c1053 _d1053 |
||